[Event "HUN-chT"]
[Site "HUN"]
[Date "1993.??.??"]
[Round "?"]
[White "Kadar, Gabor"]
[Black "Kuklin, Alexander"]
[Result "1-0"]
[WhiteElo "2325"]
[BlackElo "2280"]

1.e4 c5 2.Nf3 Nc6 3.Bb5 g6 4.O-O Bg7 5.c3 e6 6.Re1 Nge7 7.d4 cxd4 8.cxd4 Qb6
9.Na3 O-O 10.d5 Ne5 11.Nxe5 Bxe5 12.Be3 Qd8 13.Nc4 Bb8 14.Bh6 a6 15.d6 Nc6
16.Bxc6 bxc6 17.Bxf8 Kxf8 18.Qd4 Kg8 19.e5 Ba7 20.Qf4 Rb8 21.b3 a5 22.Nd2 Ba6
23.Ne4 Bd3 24.Qh6 Bxe4 25.Rxe4 Qf8 26.Qxf8+ Kxf8 27.Rc1 Rb5 28.Kf1 Rd5 29.Ke2 f5
30.exf6 Rxd6 31.Rd1 Rxd1 32.Kxd1 Bxf2 33.Ra4 Bb6 34.b4 axb4 35.Rxb4 Bg1 36.h3 Kf7
37.Rb7  1-0

[Event "HUN-chT"]
[Site "HUN"]
[Date "1993.??.??"]
[Round "?"]
[White "Juhasz, Jozsef"]
[Black "Horvath, Peter"]
[Result "1/2-1/2"]
[WhiteElo "2235"]
[BlackElo "2365"]

1.e4 c5 2.Nf3 Nc6 3.Bb5 g6 4.O-O Bg7 5.c3 Nf6 6.Re1 O-O 7.h3 a6 8.Bf1 d5
9.e5 Ne8 10.d4 f6 11.g4 fxe5 12.dxe5 Nc7 13.Bg2 Ne6 14.Ng5 Nxg5 15.Bxg5 Be6
16.Nd2 Qd7 17.Nf3 d4 18.Bh4 Rad8 19.cxd4 cxd4 20.Bg3 Bd5 21.a4 e6 22.Qd3 b5
23.Rad1 Bc4 24.Qe4 d3 25.Bh4 Rc8 26.b3 Bxb3 27.Rxd3 Bd5 28.Qe3 Qb7 29.Rxd5 exd5
30.e6 Ne7 31.Ne5  1/2-1/2

[Event "HUN-chT"]
[Site "HUN"]
[Date "1993.??.??"]
[Round "?"]
[White "Siklosi, Zoltan"]
[Black "Dely, Peter"]
[Result "1/2-1/2"]
[WhiteElo "2415"]
[BlackElo "2425"]

1.e4 c5 2.Nf3 Nc6 3.Bb5 g6 4.Bxc6 bxc6 5.O-O Bg7 6.Re1 Nf6 7.e5 Nd5 8.c4 Nc7
9.d4 cxd4 10.Qxd4 d5 11.Qh4 h6 12.Nc3 g5 13.Qg3 O-O 14.h4 g4 15.cxd5 Nxd5
16.Nxd5 Qxd5 17.Nh2 h5 18.Nf1 Ba6 19.Bf4 Qe6 20.Qe3 Rfd8 21.Ng3 Rd3 22.Qc5 Bf8
23.Nxh5 Qc4 24.Rac1 Qxa2 25.Qxc6 Rc8 26.Qe4 Rxc1 27.Rxc1 Qd5 28.Qxd5 Rxd5
29.Ra1 Bb7 30.Rxa7 Rb5 31.Ra3 Rxb2 32.Rg3 Bc8 33.f3 f5 34.exf6 Kf7 35.fxg4 exf6
36.g5 fxg5 37.Bxg5 Bd6 38.Rf3+ Kg6 39.Nf4+ Bxf4 40.Bxf4 Bb7 41.Rg3+ Kh5 42.Bg5 Rb4
43.Re3 Rb1+ 44.Kh2 Rb2 45.Rg3 Rb4 46.Rd3 Rb2 47.Rd6 Rxg2+ 48.Kh3 Rxg5 49.hxg5 Kxg5
50.Kg3 Be4 51.Rb6 Bf5 52.Rb5 Kf6 53.Kf4 Bd3 54.Rb6+ Kg7 55.Kg5 Bc4 56.Rb7+ Kh8  1/2-1/2

[Event "HUN-chT"]
[Site "HUN"]
[Date "1993.??.??"]
[Round "?"]
[White "Horvath, Zoltan"]
[Black "Zimmersmann, Rita"]
[Result "1/2-1/2"]
[WhiteElo "2345"]
[BlackElo "2280"]

1.e4 c5 2.Nf3 Nc6 3.Bb5 g6 4.O-O Bg7 5.Re1 e5 6.b4 Nd4 7.Bc4 d6 8.bxc5 dxc5
9.Nxd4 Qxd4 10.Bb5+ Bd7 11.c3 Qd6 12.Na3 Ne7 13.Nc4 Qc7 14.Qa4 Nc6 15.Ba3 b6
16.d4 exd4 17.e5 O-O 18.cxd4 a6 19.Bxc6 Bxc6 20.Qc2 Rfd8 21.dxc5 bxc5 22.Nd6 Bxe5
23.Rxe5 Qxd6 24.Rxc5 Qd3 25.Bb2 Qxc2 26.Rxc2 Be4 27.Re2 Bf5 28.f3 h6 29.Rc1 Rac8
30.Rxc8  1/2-1/2

[Event "HUN-chT"]
[Site "HUN"]
[Date "1993.??.??"]
[Round "?"]
[White "Horvath, Zoltan"]
[Black "Schroter, Tamas"]
[Result "1-0"]
[WhiteElo "2345"]
[BlackElo "2345"]

1.e4 c5 2.Nf3 Nc6 3.Bb5 e6 4.Bxc6 bxc6 5.e5 f6 6.O-O Qc7 7.Qe2 Be7 8.d3 fxe5
9.Nxe5 Nf6 10.f4 O-O 11.Nd2 d6 12.Nec4 Bd7 13.b3 Rae8 14.Bb2 Nd5 15.g3 Bf6
16.Bxf6 Nxf6 17.Rae1 Re7 18.Nf3 Be8 19.Qd2 Qd7 20.d4 cxd4 21.Qxd4 Nd5 22.Ng5 Bg6
23.Ne4 c5 24.Qd2 Bxe4 25.Rxe4 Nf6 26.Re2 d5 27.Ne5 Qb7 28.c4 Ne4 29.Qd3 Nd6
30.Rd1 d4 31.Qf3 Qxf3 32.Nxf3 Nf5 33.Re5 Ne3 34.Rd3 Rf5 35.b4 Rxe5 36.Nxe5 cxb4
37.Rxd4 g6 38.Re4 Nc2 39.c5 a5 40.Nc6 Rc7 41.Rxe6 a4 42.Nd8 Ra7 43.c6 Kg7
44.Rd6 b3 45.axb3 axb3 46.c7 Ra8 47.Rb6 Nd4 48.Rb8 b2 49.Rxb2 Rc8 50.Rb4 Nc2
51.Rb8  1-0

[Event "HUN-chT"]
[Site "HUN"]
[Date "1993.??.??"]
[Round "?"]
[White "Ozsvath, Andras"]
[Black "Kallai, Gabor"]
[Result "1/2-1/2"]
[WhiteElo "2300"]
[BlackElo "2450"]

1.e4 c5 2.Nf3 Nc6 3.Bb5 g6 4.O-O Bg7 5.Re1 Nf6 6.c3 O-O 7.d4 cxd4 8.cxd4 d5
9.e5 Ne4 10.Nc3 Nxc3 11.bxc3 Bg4 12.h3 Bxf3 13.Qxf3 Qa5 14.Bxc6 bxc6 15.Bg5  1/2-1/2

[Event "HUN-chT"]
[Site "HUN"]
[Date "1993.??.??"]
[Round "?"]
[White "Ozsvath, Andras"]
[Black "Deak, Sandor"]
[Result "1-0"]
[WhiteElo "2300"]
[BlackElo "2385"]

1.e4 c5 2.Nf3 Nc6 3.Bb5 g6 4.O-O Bg7 5.Re1 Nf6 6.c3 O-O 7.h3 a6 8.Bf1 b5
9.d4 cxd4 10.cxd4 d5 11.e5 Nd7 12.Nc3 Nb6 13.Bf4 f6 14.exf6 exf6 15.Rc1 Qd7
16.b3 Bb7 17.a4 bxa4 18.bxa4 Na5 19.Nb5 Nbc4 20.Nc7 Rac8 21.Ne6 Rfe8 22.Nc5 Qc6
23.Nxb7 Qxb7 24.Rb1 Qd7 25.Nd2 Bf8 26.Nxc4 Nxc4 27.Rxe8 Rxe8 28.Bd3 Rc8 29.Qb3 Bd6
30.Bxd6 Qxd6 31.Qb7 Re8 32.g3 Qe6 33.Bf1 Nd2 34.Bg2 Rd8 35.Qb6 Qe7 36.Rd1 Rd6
37.Qb4 Ne4 38.Re1 Qc7 39.Bxe4 dxe4 40.Rxe4 Qc1+ 41.Kh2 Qc7 42.Re8+ Kf7 43.Rb8 Qc2
44.Qb7+  1-0

[Event "HUN-ch (Women)"]
[Site "HUN"]
[Date "1993.??.??"]
[Round "2"]
[White "Porubszky Angyalosine, Maria A"]
[Black "Rajcsanyi, Zita"]
[Result "0-1"]
[WhiteElo "2120"]
[BlackElo "2145"]

1.e4 c5 2.Nf3 Nc6 3.Bb5 g6 4.Bxc6 bxc6 5.O-O Bg7 6.Re1 Nh6 7.d3 d6 8.h3 f6
9.c3 O-O 10.Na3 e5 11.d4 cxd4 12.cxd4 Nf7 13.Bd2 d5 14.dxe5 fxe5 15.Bb4 Re8
16.Rc1 dxe4 17.Rxe4 Bf5 18.Re1 e4 19.Nd2 Ne5 20.Nxe4 Nd3 21.Qb3+ Qd5  0-1

[Event "HUN-ch (Women)"]
[Site "HUN"]
[Date "1993.??.??"]
[Round "6"]
[White "Csoke, Adrienn"]
[Black "Madl, Ildiko"]
[Result "0-1"]
[WhiteElo "2235"]
[BlackElo "2430"]

1.e4 c5 2.Nf3 Nc6 3.Bb5 Qb6 4.Nc3 e6 5.O-O Nge7 6.Re1 g6 7.b3 Bg7 8.Bb2 O-O
9.e5 Nd4 10.Bf1 Nec6 11.Na4 Qa5 12.Bxd4 cxd4 13.Nb2 Qc7 14.Qe2 d6 15.exd6 Qxd6
16.Nc4 Qc5 17.Rac1 b6 18.c3 Ba6 19.Qe4 dxc3 20.dxc3 Rad8 21.Qc2 b5 22.Ncd2 Bb7
23.Ne4 Qb6 24.Rcd1 Ne7 25.c4 bxc4 26.Bxc4 Nd5 27.Ng3 Qa5 28.Rf1 Nb4 29.Qe2 Qxa2
30.Qe3 Rxd1 31.Rxd1 Bd5 32.Bxd5 Nxd5 33.Qd3 Rc8 34.Nf1 h6 35.Qb5 a6 36.Qb7 Rc2
37.Rd2 Rxd2 38.N3xd2 Bc3 39.Qb8+ Kg7 40.Ne4 Bd4 41.Qg3 Qe2 42.Ned2 Nc3 43.Qf3 Qxf3
44.gxf3 Nd1  0-1

[Event "Jakarta Interzonal (Women)"]
[Site "Jakarta"]
[Date "1993.??.??"]
[Round "?"]
[White "Csoke, Adrienn"]
[Black "Uskova, Fliura"]
[Result "1-0"]
[WhiteElo "2235"]
[BlackElo "2260"]

1.e4 c5 2.Nf3 Nc6 3.Bb5 g6 4.Bxc6 dxc6 5.h3 Bg7 6.O-O Nf6 7.Nc3 O-O 8.d3 Nd7
9.Be3 e5 10.Qd2 Re8 11.Nh2 h5 12.Bh6 Bh8 13.f4 exf4 14.Qxf4 Ne5 15.Ne2 f6
16.Qh4 Be6 17.Bd2 Bf7 18.Bc3 b6 19.Qg3 Bg7 20.Nf3 Nd7 21.Nh4 Kh7 22.Nf4 Bh8
23.Nf3 g5 24.Ne2 Rg8 25.Qh2 Qb8 26.g4 Qxh2+ 27.Kxh2 hxg4 28.hxg4 Be6 29.Kg3 Kg6
30.Ne1 Bg7 31.Ng2 Bf8 32.Ne3 Bd6+ 33.Kg2 Be5 34.Nf5 Rh8 35.Rh1 Bxc3 36.Nxc3 Ne5
37.Kg3 Kf7 38.Raf1 b5 39.a3 b4 40.Na4 Nd7 41.Nd6+ Ke7 42.Nb7 c4 43.d4 c3
44.axb4 cxb2 45.Nxb2 Rab8 46.Na5 Kd6 47.Nbc4+ Kc7 48.c3 Rbe8 49.Nd2 Kb6 50.Nac4+ Kc7
51.Nb2 Kb6 52.Ra1 Kb7 53.Nbc4 Kb8 54.Nd6 Rd8 55.Rxh8 Rxh8 56.Nf3 Nb6 57.Rf1 Kc7
58.Nf5 Bxf5 59.gxf5 Na4 60.Rc1 Kd6 61.Kg4 a6 62.e5+ Ke7 63.Ra1 Nxc3 64.Rxa6 Nd5
65.Ra7+ Kf8 66.exf6 Nxf6+ 67.Kxg5 Nd5 68.Ra8+ Kg7 69.f6+ Kh7 70.Ra7+ Kg8
71.Ne5 Rh1 72.Rg7+ Kf8 73.Ng6+  1-0

[Event "Jakarta Interzonal (Women)"]
[Site "Jakarta"]
[Date "1993.??.??"]
[Round "?"]
[White "Kulish, Irina"]
[Black "Lelchuk, Zoja"]
[Result "0-1"]
[WhiteElo "2225"]
[BlackElo "2340"]

1.e4 c5 2.Nf3 Nc6 3.Bb5 g6 4.Bxc6 bxc6 5.O-O Bg7 6.Re1 Nf6 7.e5 Nd5 8.c4 Nc7
9.d4 cxd4 10.Qxd4 Ne6 11.Qh4 h6 12.Nc3 Bb7 13.Be3 c5 14.Nd5 d6 15.Rad1 dxe5
16.Bc1 Nd4 17.Nxe5 e6 18.Qg3 Bxd5 19.cxd5 Qxd5 20.Kh1 O-O 21.b3 Rad8 22.Bb2 Ne2
23.Qd3 Qxd3 24.Rxd3 Nf4 25.Rxd8 Rxd8 26.Nc6 Rd6 27.Bxg7 Kxg7 28.Nxa7 Ra6
29.Nb5 Rxa2 30.Kg1 Rb2 31.Nd6 Rxb3 32.g3 Nd3 33.Re3 Rb1+ 34.Kg2 Rd1 35.Nc4 g5
36.Kf3 Nb4 37.Re5 Rc1 38.Nd6 Nc6 39.Re3 f5 40.h4 Nd4+ 41.Kg2 g4 42.h5 Nf3
43.Nxf5+ Kf6  0-1

[Event "Jakarta Interzonal (Women)"]
[Site "Jakarta"]
[Date "1993.??.??"]
[Round "?"]
[White "Kulish, Irina"]
[Black "Uskova, Fliura"]
[Result "1/2-1/2"]
[WhiteElo "2225"]
[BlackElo "2260"]

1.e4 c5 2.Nf3 Nc6 3.Bb5 Qb6 4.Nc3 e6 5.Bxc6 bxc6 6.e5 f6 7.d3 fxe5 8.Nxe5 Nf6
9.O-O Be7 10.b3 O-O 11.Bb2 d6 12.Nc4 Qc7 13.f4 Bd7 14.Qd2 Rf7 15.Rf3 Raf8
16.Raf1 Bc8 17.Ne2 Nd5 18.Ng3 Nf6 19.Ne3 d5 20.Be5 Bd6 21.Bxd6 Qxd6 22.Nd1 Ng4
23.h3 Nh6 24.Nc3 e5 25.fxe5 Qxe5 26.Rxf7 Rxf7 27.Rxf7 Nxf7 28.Nge2 Nd6 29.Kf2  1/2-1/2

[Event "Jakarta Interzonal (Women)"]
[Site "Jakarta"]
[Date "1993.??.??"]
[Round "?"]
[White "Uskova, Fliura"]
[Black "Galliamova, Alisa"]
[Result "0-1"]
[WhiteElo "2260"]
[BlackElo "2435"]

1.e4 c5 2.Nf3 Nc6 3.Bb5 Qb6 4.Nc3 e6 5.Bxc6 bxc6 6.d3 Ne7 7.O-O Ng6 8.e5 Be7
9.Ne4 O-O 10.b3 f6 11.Bb2 Qc7 12.exf6 gxf6 13.Qd2 d5 14.Ng3 e5 15.Qh6 Rf7
16.Bc1 Bg4 17.h3 Bf8 18.Qe3 Bd7 19.Nh5 f5 20.Qg5 Qd6 21.Nh2 h6 22.Qe3 f4
23.Qf3 Nh4 24.Qd1 Qg6 25.Ng4 Kh8 26.g3 Qxh5 27.Bb2 d4 28.gxh4 f3 29.Kh2 Bxg4  0-1

[Event "Jakarta Interzonal (Women)"]
[Site "Jakarta"]
[Date "1993.??.??"]
[Round "?"]
[White "Uskova, Fliura"]
[Black "Lelchuk, Zoja"]
[Result "0-1"]
[WhiteElo "2260"]
[BlackElo "2340"]

1.e4 c5 2.Nf3 Nc6 3.Bb5 g6 4.O-O Bg7 5.c3 Nf6 6.Re1 O-O 7.h3 e5 8.d4 cxd4
9.cxd4 Nxd4 10.Nxd4 exd4 11.e5 Nd5 12.Bc4 Nb6 13.Bb3 d6 14.Bf4 dxe5 15.Bxe5 Bf5
16.Nd2 Bxe5 17.Rxe5 Qf6 18.Nf3 Rad8 19.Rc1 d3 20.Rc7 Rd7 21.Rc3 Rfd8 22.g4 Be6
23.Bxe6 fxe6 24.g5 Qf7 25.Nd2 Nd5 26.Rc4 Nf4 27.Qg4 Rd4 28.Re4 Rxc4 29.Nxc4 Ne2+
30.Kg2 Rf8 31.f3 Qf5 32.Qxf5 gxf5 33.Re3 Rc8 34.Kf2 Rxc4 35.Rxd3 Nf4 36.Rd8+ Kf7
37.Rd7+ Kg6 38.h4 Rc2+ 39.Ke3 Ne2 40.Kd3 Rxb2  0-1

[Event "Jakarta zt"]
[Site "Jakarta"]
[Date "1993.??.??"]
[Round "1"]
[White "Gunawan, Ronny"]
[Black "Tu Hoang Thong"]
[Result "1/2-1/2"]
[WhiteElo "2420"]
[BlackElo "2435"]

1.e4 c5 2.Nf3 Nc6 3.Bb5 e6 4.Bxc6 bxc6 5.O-O Ne7 6.e5 Ng6 7.b3 Be7 8.Bb2 O-O
9.d3 f6 10.Nbd2 fxe5 11.Nxe5 Nxe5 12.Bxe5 d6 13.Bb2 e5 14.Qe2 Rf7 15.Rae1 Bf8
16.Qe4 Qa5 17.Nc4 Qc7 18.Qe3 Bd7 19.Qd2 Re8 20.Re2 Qd8 21.Qa5 Qh4 22.Re4 Qh5
23.Re3 Bc8  1/2-1/2

[Event "Katerini GP"]
[Site "Katerini"]
[Date "1993.??.??"]
[Round "2"]
[White "Kondou, Eva"]
[Black "Pigusov, Evgeny"]
[Result "0-1"]
[WhiteElo "2215"]
[BlackElo "2585"]

1.e4 c5 2.Nf3 Nc6 3.Bb5 g6 4.Bxc6 dxc6 5.h3 Bg7 6.d3 Nf6 7.Nc3 Nd7 8.Be3 e5
9.Qd2 h6 10.a4 b6 11.a5 b5 12.Ne2 Qe7 13.c3 Ba6 14.Nh2 Rd8 15.Qc2 c4 16.d4 exd4
17.Nxd4 Ne5 18.O-O c5 19.Ndf3 Nd3 20.Nd2 O-O 21.Rfd1 b4 22.cxb4 cxb4 23.b3 c3
24.Ndf3 Nb2 25.Rxd8 Rxd8 26.Ne1 Nd3 27.Nhf3 Qc7 28.Rd1 Nxe1 29.Rxd8+ Qxd8
30.Nxe1 Qxa5 31.Kh2 Qc7+ 32.g3 Bc8 33.Nd3 a5 34.Nc5 Bf8 35.Na4 Qd7 36.g4 Ba6
37.f3 Qd3 38.Qc1 Bd6+ 39.Kg2 Bb5 40.Nb6 Qe2+  0-1

[Event "Katowice op"]
[Site "Katowice"]
[Date "1993.??.??"]
[Round "2"]
[White "Nikolenko, Oleg"]
[Black "Shumiakina, Tatiana"]
[Result "1-0"]
[WhiteElo "2460"]
[BlackElo "2305"]

1.e4 c5 2.Nf3 Nc6 3.Bb5 e6 4.O-O Nge7 5.c3 a6 6.Ba4 b5 7.Bc2 Bb7 8.Qe2 d5
9.e5 c4 10.d4 cxd3 11.Bxd3 Ng6 12.Re1 Be7 13.Nbd2 d4 14.Nb3 dxc3 15.Bxg6 hxg6
16.bxc3 Na5 17.Rd1 Qc7 18.Bg5 Nc4 19.Bxe7 Qxe7 20.a4 Rc8 21.axb5 axb5 22.Ra7 O-O
23.Nfd4 Ra8 24.Rda1 Qc7 25.Rxa8 Rxa8 26.Rxa8+ Bxa8 27.f4 Qa7 28.h3 Bd5 29.Qf2 g5
30.fxg5 Nxe5 31.Kh2 Nc6 32.Qd2 Bxb3 33.Nxb3 Qa3 34.Qd7 Qxb3 35.Qxc6 Qd5 36.Qe8+ Kh7
37.Qxf7 Qxg5 38.Qxe6 Qf4+ 39.Kg1 Qc1+ 40.Kf2 Qd2+ 41.Qe2 Qxc3 42.Qxb5 Qd4+
43.Kf3 Qc3+  1-0

[Event "Katowice op"]
[Site "Katowice"]
[Date "1993.??.??"]
[Round "2"]
[White "Dmitriev, Igor"]
[Black "Ciemniak, Robert"]
[Result "1-0"]
[WhiteElo "2280"]
[BlackElo "2440"]

1.e4 c5 2.Nf3 Nc6 3.Bb5 e6 4.b3 Nd4 5.Nxd4 cxd4 6.Bb2 Qb6 7.a4 a6 8.Bd3 Ne7
9.a5 Qc5 10.O-O Nc6 11.c3 b5 12.axb6 Qxb6 13.Na3 Rb8 14.b4 Be7 15.Nc4 Qc7
16.Qh5 Rb5 17.Qe2 O-O 18.f4 Rb8 19.e5 f5 20.Kh1 Kh8 21.Rfc1 a5 22.Nxa5 Nxa5
23.Rxa5 Qxa5 24.bxa5 Rxb2 25.cxd4 Bb7 26.a6 Bc6 27.h3 Rg8 28.Rxc6 dxc6 29.Bc4 Bb4
30.Bxe6 Rf8 31.a7 Bxd2 32.Qa6 Bxf4 33.g3 Rb1+ 34.Kg2  1-0

[Event "Katowice op"]
[Site "Katowice"]
[Date "1993.??.??"]
[Round "4"]
[White "Sazonov, Anatolij"]
[Black "Erneste, Inguna"]
[Result "1-0"]
[WhiteElo "2120"]
[BlackElo "2365"]

1.e4 c5 2.Nf3 Nc6 3.Bb5 e6 4.Bxc6 bxc6 5.O-O d5 6.d3 Nf6 7.Nc3 Be7 8.h3 O-O
9.Re1 Qc7 10.b3 Ba6 11.Ba3 Qa5 12.Na4 dxe4 13.dxe4 Rfd8 14.Qc1 Bb5 15.Bxc5 Bxc5
16.Nxc5 Qb4 17.Qe3 Nd7 18.Nxd7 Rxd7 19.Ne5 Rc7 20.c4 Ba6 21.Nd3 Qa5 22.Nc5 e5
23.Red1 Re8 24.Rd6 Bc8 25.a4 Qb6 26.a5 Qb4 27.Ra4 Qb8 28.Qg5 Kf8 29.Qd2 Ke7
30.Rb4 Qa8 31.Rd3 f6 32.f4 a6 33.f5 Rf8 34.Rb6 g6 35.g4 gxf5 36.exf5 Rg8
37.Kh2 Rf8 38.Qb4 Kf7 39.Rd6 Kg7 40.Kg3 h5 41.Rb8 Qa7 42.Qb6 hxg4 43.hxg4 e4
44.Qxa7 Rxa7 45.Rxc6 Bd7 46.Nxd7  1-0

[Event "Katowice op"]
[Site "Katowice"]
[Date "1993.??.??"]
[Round "7"]
[White "Brodsky, Michail"]
[Black "Markowski, Tomasz"]
[Result "1/2-1/2"]
[WhiteElo "2520"]
[BlackElo "2450"]

1.e4 c5 2.Nf3 Nc6 3.Bb5 e6 4.O-O Nge7 5.Nc3 Nd4 6.Nxd4 cxd4 7.Ne2 a6 8.Bd3 d5
9.exd5 Qxd5 10.c3 Nc6 11.Qc2 Bd6 12.b3 Qh5 13.Ng3 Qh4 14.Re1 O-O 15.Bb2 Bd7
16.Bf1 Rac8 17.Qe4 Qh6 18.Rad1 f5 19.Qf3 f4 20.Nh1 Ne5 21.Rxe5 Bxe5 22.cxd4 Bc6
23.Qe2 Bd6 24.f3 Bd5 25.Qd3 Rc6 26.Nf2 Rfc8 27.Ne4 Bf8 28.Qb1 Qh4 29.Bd3 Rd8
30.Rc1 Rxc1+ 31.Qxc1 Qe7 32.Nf2 a5 33.Qb1 g6 34.Ng4 Bg7 35.Qe1 a4 36.bxa4 Qb4
37.Bc3 Qxa4 38.h4 Qe8 39.h5 g5 40.h6 Bh8 41.Qb1 Qd7 42.Bb5 Bc6 43.d5 exd5
44.Bxc6 bxc6 45.Bxh8 Kxh8 46.Qb6 Qe7 47.Qxc6  1/2-1/2

[Event "Katowice op"]
[Site "Katowice"]
[Date "1993.??.??"]
[Round "8"]
[White "Pachow, Joerg"]
[Black "Ciemniak, Robert"]
[Result "0-1"]
[WhiteElo "2300"]
[BlackElo "2440"]

1.e4 c5 2.Nf3 Nc6 3.Bb5 e6 4.O-O Nge7 5.Re1 a6 6.Bf1 d5 7.exd5 Qxd5 8.a4 Nf5
9.Na3 Qd8 10.Nc4 Be7 11.a5 Nd6 12.Nfe5 Nxe5 13.Rxe5 Nxc4 14.Bxc4 Bd6 15.Rh5 Qf6
16.Ra3 g6 17.Rhh3 Bd7 18.Raf3 Qd4 19.b3 Bc6 20.Rd3 Qe4 21.Qf1 Qe5 22.Ba3 O-O-O
23.Rde3 Qf6 24.c3 Qg5 25.Rhf3 Bf4 26.Rxf4 Qxf4 27.Qe2 Rd7 28.d3 Qg5 29.f3 Bd5
30.Re5 Qd8 31.Bxc5 Qxa5 32.Qe3 Bxc4 33.bxc4 Qxc3 34.Ba7 Rxd3 35.Rc5+ Kd7  0-1

[Event "Katowice op"]
[Site "Katowice"]
[Date "1993.??.??"]
[Round "8"]
[White "Maksimenko, Andrei"]
[Black "Brodsky, Michail"]
[Result "1/2-1/2"]
[WhiteElo "2435"]
[BlackElo "2520"]

1.e4 c5 2.Nf3 Nc6 3.Bb5 d6 4.O-O Bd7 5.Re1 Nf6 6.c3 a6 7.Bf1 Bg4 8.d3 e6
9.Nbd2 Be7 10.h3 Bh5 11.g4 Bg6 12.Nh4 Nd7 13.Ng2 f6 14.f4 Bf7 15.Nf3 h5 16.d4 hxg4
17.hxg4 cxd4 18.cxd4 Nb6 19.Bd3 d5 20.e5 fxe5 21.fxe5 g5 22.Rf1 Nd7 23.Be3 Qb6
24.Rc1 Rh3 25.Qd2 O-O-O 26.Nxg5 Bxg5 27.Bxg5 Nxe5 28.Be2 Rd7 29.b3 Ng6 30.Nf4 Nxf4
31.Qxf4 Rc7 32.Kg2 Rh8 33.Bf6 Rg8 34.Rc3 Bg6 35.Kg3 Qa5 36.Qe3 Be4 37.Rfc1 Rh7
38.Rxc6+ bxc6 39.Rxc6+ Kb7 40.Rxe6 Qc7+ 41.Be5 Qd8  1/2-1/2

[Event "GER-FRA"]
[Site "Kaufbeuren"]
[Date "1993.??.??"]
[Round "3"]
[White "Hickl, Joerg"]
[Black "Apicella, Manuel"]
[Result "1-0"]
[WhiteElo "2570"]
[BlackElo "2475"]

1.e4 c5 2.Nf3 Nc6 3.Bb5 g6 4.O-O Bg7 5.c3 Qb6 6.Na3 a6 7.Ba4 Qc7 8.d4 b5
9.Bc2 cxd4 10.cxd4 d5 11.e5 Bg4 12.Be3 e6 13.Rc1 Nge7 14.Nb1 Qb6 15.Nbd2 O-O
16.h3 Bxf3 17.Nxf3 Rfc8 18.Qd2 Qa5 19.Qxa5 Nxa5 20.b3 Nec6 21.Bb1 Bf8 22.Rc2 Ba3
23.Bc1 Be7 24.Bd2 Ba3 25.Bc1 Be7 26.Bb2 Kf8 27.Rfc1 Ke8 28.Ne1 Bg5 29.Rd1 Nb4
30.Rxc8+ Rxc8 31.g4 Kd7 32.Kg2 Rh8 33.Kg3 h5 34.f4 Be7 35.Nf3 hxg4 36.hxg4 Nbc6
37.Rc1 Bd8 38.Bc3  1-0

[Event "Kfar Sava-B"]
[Site "Kfar Sava"]
[Date "1993.??.??"]
[Round "?"]
[White "Lederer, Yoav"]
[Black "Amit, Yaron"]
[Result "0-1"]
[WhiteElo "2300"]
[BlackElo "2260"]

1.e4 c5 2.Nf3 Nc6 3.Bb5 g6 4.O-O Bg7 5.Re1 a6 6.Bxc6 dxc6 7.e5 Bg4 8.h3 Bxf3
9.Qxf3 Nh6 10.g4 O-O 11.d3 f5 12.g5 Nf7 13.Qg3 Qc8 14.f4 Nd8 15.Be3 Ne6 16.Bf2 Kf7
17.Nd2 h6 18.h4 hxg5 19.hxg5 Rh8 20.Kg2 Qd7 21.Nb3 Qd5+ 22.Kf1 Rh1+ 23.Ke2 Rh3
24.c4 Qd8  0-1

[Event "Komotini GP"]
[Site "Komotini"]
[Date "1993.??.??"]
[Round "3"]
[White "Grosar, Aljosa"]
[Black "Tzermiadianos, Andreas"]
[Result "1-0"]
[WhiteElo "2470"]
[BlackElo "2315"]

1.e4 c5 2.Nf3 Nc6 3.Bb5 g6 4.Bxc6 dxc6 5.d3 Bg7 6.Nc3 Nf6 7.Be3 Nd7 8.Qd2 e5
9.Bh6 Bxh6 10.Qxh6 Qe7 11.Nd1 f6 12.Ne3 Nf8 13.h4 Ne6 14.g4 Nd4 15.Nd2 Qf8
16.Qxf8+ Rxf8 17.g5 Be6 18.c3 Nb5 19.gxf6 Nd6 20.Nf3 c4 21.dxc4 Rxf6 22.Ng5 Bxc4
23.Nxh7 Rf4 24.O-O-O Nxe4 25.Nxc4 Nxf2 26.Nxe5 Nxh1 27.Rxh1 O-O-O 28.Nxg6 Rf2
29.Ng5 Rdd2 30.Ne4 Rc2+ 31.Kd1 Rg2 32.Nf4 Rh2 33.Rxh2 Rxh2 34.Ng6 Rxb2 35.Ng5 Rxa2
36.Nf3 a5 37.h5 Ra1+ 38.Kc2 Rh1 39.Ngh4 a4 40.h6 a3 41.h7 a2 42.h8=Q+ Kc7
43.Qe5+ Kd7 44.Qg7+  1-0

[Event "Komotini GP"]
[Site "Komotini"]
[Date "1993.??.??"]
[Round "4"]
[White "Kondou, Eva"]
[Black "Nikolaidis, Konstantinos"]
[Result "1-0"]
[WhiteElo "2215"]
[BlackElo "2315"]

1.e4 c5 2.Nf3 Nc6 3.Bb5 d6 4.O-O Bd7 5.Re1 g6 6.c3 Bg7 7.d4 Qb6 8.Bxc6 Bxc6
9.d5 Bd7 10.Na3 O-O-O 11.Qc2 e5 12.b4 Bh6 13.Nd2 f5 14.Nac4 Qc7 15.bxc5 dxc5
16.d6 Qb8 17.Nxe5 Qxd6 18.Nf7 Qf6 19.Nxd8 Qxd8 20.e5 Be6 21.Nb3 Qc7 22.Bxh6 Nxh6
23.Rad1 Nf7 24.Qe2 a6 25.Qe3 b6 26.Qe2 Kb7 27.Nd2 Re8 28.Nc4 Bxc4 29.Qxc4 Rxe5
30.Rxe5 Nxe5 31.Qe6 Kb8 32.Rd5 Nc6 33.Rd7  1-0

[Event "Komotini GP"]
[Site "Komotini"]
[Date "1993.??.??"]
[Round "8"]
[White "Metaxas, Petros"]
[Black "Umanskaya, Irina"]
[Result "1/2-1/2"]
[WhiteElo "2225"]
[BlackElo "2305"]

1.e4 c5 2.Nf3 Nc6 3.Bb5 e6 4.O-O Nge7 5.b3 Nd4 6.Nxd4 cxd4 7.Bb2 a6 8.Be2 Nc6
9.f4 Be7 10.d3 O-O 11.Nd2 f5 12.exf5 exf5 13.Nf3 Bf6 14.Qd2 b5 15.Rf2 Bb7
16.Re1 Re8 17.Bd1 Qc7 18.Rfe2 Re3 19.Bc1 Rxe2 20.Qxe2 Qd6 21.h4 Ne7 22.Qf2 Rc8
23.Ne5 Ng6 24.Nxg6 hxg6 25.h5 gxh5 26.Bxh5 Qc6 27.Re2 Qd6 28.Qe1 Rf8 29.Bg6 Bd8
30.Qg3 b4 31.Re5 Qc6 32.Re2 a5 33.Bh5 Rf6 34.Re8+ Rf8 35.Rxf8+ Kxf8 36.Qg6 Qe6
37.Qxe6 dxe6 38.Kf2 Ke7 39.a3 Kf6 40.axb4 axb4 41.Bd2 Be7 42.Be2 e5 43.fxe5+ Kxe5
44.Bf3 Bc8 45.Bh5 g5 46.Be2 f4 47.g4 fxg3+ 48.Kxg3 Kf6 49.Bg4 Bd6+ 50.Kf3 Bb7+
51.Kf2 Be7 52.Kg3 Ke5 53.Bd7 Bd5 54.Bg4 Bf7 55.Bc8 Bh5 56.Bg4 Bg6 57.Bd7 Bf5
58.Be8 Kf6 59.Bh5 Bd6+ 60.Kf3 Be7 61.Be1 Ke6 62.Bg4 Bd6  1/2-1/2

[Event "La Coruna op"]
[Site "La Coruna"]
[Date "1993.??.??"]
[Round "?"]
[White "Kurajica, Bojan"]
[Black "Damljanovic, Branko"]
[Result "1-0"]
[WhiteElo "2550"]
[BlackElo "2570"]

1.e4 c5 2.Nf3 Nc6 3.Bb5 e6 4.O-O Nge7 5.b3 Nd4 6.Nxd4 cxd4 7.Ba3 a6 8.Be2 g6
9.c4 Bg7 10.d3 d6 11.Nd2 O-O 12.b4 e5 13.Bg4 b5 14.Rc1 Bh6 15.Rc2 Bd7 16.Bc1 Rc8
17.Nb3 Bxc1 18.Rxc1 f5 19.Bf3 bxc4 20.dxc4 Kh8 21.exf5 gxf5 22.Nxd4 Qb6 23.c5 Qxb4
24.Nb3 d5 25.Bxd5 Rcd8 26.Bc4 Ng6 27.Qe1 Qb7 28.f3 Bc8 29.Rd1 Rde8 30.Rd6 Qg7
31.Kh1  1-0

[Event "La Coruna op"]
[Site "La Coruna"]
[Date "1993.??.??"]
[Round "?"]
[White "Hall, Jesper"]
[Black "Bellin, Robert"]
[Result "1/2-1/2"]
[WhiteElo "2450"]
[BlackElo "2395"]

1.e4 c5 2.Nf3 Nc6 3.Bb5 Nf6 4.e5 Nd5 5.O-O Nc7 6.Bxc6 dxc6 7.Nc3 Bg4 8.d3 Ne6
9.h3 Bxf3 10.Qxf3 Nd4 11.Qd1 g6 12.Ne4 Qd5 13.Re1 Qxe5 14.f4 Qc7 15.Nxc5 b6
16.Ne4 Bg7 17.c3 Nf5 18.Qf3 h5 19.Be3 h4 20.d4 Qd7 21.Bf2 Rd8 22.Rad1 Kf8
23.Rd2 Qd5 24.b3 b5 25.Qd3 e6 26.Nc5 Nd6 27.Rde2 Qf5 28.Qf3 Qd5 29.Qd3 Qf5
30.Qf3 Qd5 31.Qd3  1/2-1/2

[Event "La Coruna"]
[Site "La Coruna"]
[Date "1993.??.??"]
[Round "1"]
[White "Garcia Carbo, Marcial"]
[Black "Permuy, Carlos"]
[Result "1-0"]
[WhiteElo "2315"]
[BlackElo "2275"]

1.e4 c5 2.Nf3 Nc6 3.Bb5 g6 4.Bxc6 bxc6 5.O-O Bg7 6.Re1 e5 7.b4 cxb4 8.a3 b3
9.cxb3 d6 10.d4 Bg4 11.Bb2 exd4 12.Bxd4 Nf6 13.e5 dxe5 14.Rxe5+ Be6 15.Ng5 O-O
16.Nxe6 fxe6 17.Re1 Ng4 18.Bxg7 Qh4 19.Bxf8 Qxf2+ 20.Kh1 Qh4 21.Bd6 e5 22.h3 Nf2+
23.Kg1 Nxd1 24.Rxd1 Qg3 25.Nd2 Qe3+ 26.Kh1 Rd8 27.Nc4 Qxb3 28.Nxe5 Qe6 29.Bc7 Rc8
30.Rd6 Qf5 31.Ng4 Qc5 32.Rd7 Qg5 33.Re1 h5 34.Ree7 hxg4 35.Rg7+ Kf8 36.Bd6+ Ke8
37.Rde7+ Qxe7 38.Rxe7+ Kd8 39.Bc5 gxh3 40.gxh3 a6 41.Rg7 Ke8 42.Rg8+ Kd7
43.Rxc8  1-0

[Event "Las Palmas-B"]
[Site "Las Palmas"]
[Date "1993.??.??"]
[Round "1"]
[White "Reyes, Juan"]
[Black "Garcia Padron, J."]
[Result "0-1"]
[WhiteElo "2450"]
[BlackElo "2465"]

1.e4 c5 2.Nf3 Nc6 3.Bb5 g6 4.O-O Bg7 5.c3 Nf6 6.Re1 O-O 7.h3 a6 8.Bf1 b5
9.a4 b4 10.d3 d6 11.Nbd2 Nd7 12.cxb4 Nxb4 13.Nc4 a5 14.Bd2 Ba6 15.Qc1 Re8
16.Bc3 Bxc4 17.Bxg7 Kxg7 18.Qxc4 e5 19.Be2 Nf8 20.Bd1 Ne6 21.Bb3 Qf6 22.Re3 Rab8
23.Qc1 Nf4 24.Bc4 h5 25.h4 Ne6 26.Bxe6 Qxe6 27.Nd2 Nc6 28.Nc4 Rb4 29.Qd1 Reb8
30.Ra3 Nd4 31.Re1 Rxc4 32.dxc4 Rxb2 33.Rc3 Qf6  0-1

[Event "Las Vegas op"]
[Site "Las Vegas"]
[Date "1993.??.??"]
[Round "5"]
[White "Fedorov, Vladislav"]
[Black "Chow, Albert"]
[Result "1-0"]
[WhiteElo "2425"]
[BlackElo "2270"]

1.e4 c5 2.Nf3 Nc6 3.Bb5 g6 4.O-O Bg7 5.Bxc6 dxc6 6.h3 Nf6 7.Nc3 O-O 8.d3 Ne8
9.Be3 b6 10.a4 Nc7 11.a5 Ba6 12.Qd2 Ne6 13.Bh6 Nd4 14.Nxd4 cxd4 15.Bxg7 Kxg7
16.Ne2 e5 17.f4 f6 18.Kh1 c5 19.axb6 axb6 20.b3 Qd6 21.f5 Bb7 22.Ng3 Rxa1
23.Rxa1 Ra8 24.Rf1 g5 25.h4 h6 26.Nh5+ Kf7 27.Rf3 Bc6 28.Rh3 Rh8 29.Qd1 Qf8
30.Kg1 Ke7 31.Kf2 Be8 32.hxg5 hxg5 33.Qa1 Bxh5 34.Qa7+ Kd6 35.Qxb6+ Kd7 36.Qb7+ Kd6
37.Qb6+ Kd7 38.Rh1 Be8 39.Ra1  1-0